000 00414nam a2200181Ia 4500
005 20240823011829.0
008 240823s9999||||xx |||||||||||||| ||und||
041 _aENGLISH
082 _A420 P2
100 _aMacmillan
245 0 _aMacmillan English Dictionary
250 _a1st
260 _c2002
_b"Macmillan,Oxford"
500 _aTRANSFERED
650 _aENG
_bEnglish
942 _cBK
999 _c162665
_d162665